000 00899nam a2200253Ii 4500
001 47541
005 20250911182827.0
008 241108s9999||||xx |||||||||||||| ||und||
020 _a9681673867
040 _aCO-ViMGA
_bspa
_erda
_cCO-ViMGA
084 _aA KIT1c
100 1 _aKitami, Yoco
_d1957-
_eautor
_964867
245 1 0 _aCactus /
_cYoco Kitami ; traducción del japonés Miwa ; ilustraciones de Pierre-Audain
250 _aPrimera edición
_bMiriam Martinez.
264 1 _aMéxico :
_bFondo de Cultura Económica,
_c2005
300 _a36 páginas :
_bilustraciones a color
_c26 cm.
336 _atexto
_btxt
_2rdacontenido
337 _ano mediado
_bn
_2rdamedia
338 _avolumen
_bnc
_2rdasoporte
650 1 7 _aCuentos infantiles japoneses
_2BLAAUTO
650 1 7 _aCactus
_2BLAAUTO
_vCuentos.
_962378
650 1 7 _aLibros ilustrados para niños.
_2BLAAUTO
_92001
942 _cBKINF
_2ddc
999 _c47541
_d47541